Kto Wybiegł Wtedy na Boisko Legia 1-0 Leicester - Statystyki

Ogólne statystyki
  • Ten quiz został rozwiązany 236 razy
  • Średni wynik to 15 z 32
Statystyki odpowiedzi
Pozycja Piłkarz % Poprawnych
ŚO Jędrzejczyk
93%
BR Miszta
92%
N Emreli
85%
Trener Michniewicz
81%
LP/CLS Mladenovic
79%
N Josue
77%
Zmiennik Pekhart
72%
ŚP Slisz
72%
ŚO Wieteska
72%
ŚO Nawrocki
70%
Zmiennik Vardy
61%
Zmiennik Kastrati
59%
ŚP Martins
58%
PP,CPS Johansson
56%
BR Schmeichel
55%
Zmiennik Lopes
43%
Zmiennik Maddison
42%
ŚPD Tielemans
39%
ŚP Kharatin
38%
N Daka
37%
Trener Rodgers
34%
ŚO Soyuncu
30%
Zmiennik Abu Hanna
24%
Zmiennik Barnes
24%
N Perez
21%
ŚO Vestergaard
20%
ŚO Amartey
16%
PP Castagne
14%
LP Dewsbury-Hall
12%
ŚP Soumare
9%
ŚP Thomas
9%
Zmiennik Lookman
8%
Nie znaleziono quizów pasujących do podanych kryteriów
Rozkład punktacji
Procent ludzi z każdym wynikiem
Percentyl według liczby udzielonych odpowiedzi
Twoja historia wyników
Nie rozwiązałeś tego quizu